000 01418nam a22001937a 4500
003 0
005 20241029092641.0
008 241029b xxu||||| |||| 00| 0 eng d
020 _a9780063031968
050 _aPN 9619.4
_b.J64 2020
100 _aJoel, Alexandra,
_eauthor.
245 _aThe Paris model :
_ba novel /
_cAlexandra Joel.
260 _aNew York, NY :
_bHarperPerennial,
_c2020.
300 _a343 p. ;
_c21 cm.
520 _aA stunning novel of love, betrayal and family secrets for all fans of Fiona McIntosh and Natasha Lester. Raised on a vast Australian sheep farm, the beautiful Grace Woods is compelled to travel to tumultuous, postwar Paris in order to start a new life. While working as a glamorous model for Christian Dior, the world's newly acclaimed emperor of fashion, Grace mixes with counts and princesses, authors and artists, diplomats and politicians. Amongst those she befriends are Pablo Picasso, Julia Child, and the future Jackie Kennedy. But when Grace falls in love with the handsome Phillippe Boyer, she doesn't know that he is leading a double life, nor that his past might hold secrets and lies that will turn her life upside down. Based on a true story, The Paris Model by debut fiction author Alexandra Joel, is an unforgettable tale of glamour, family secrets, and heartbreak.
650 _aYoung women
_vFiction.
650 _aAustralians
_vFiction.
_zFrance
942 _2lcc
_cBK
999 _c366648
_d366648